Pays qui ont une religion d'Etat - Statistiques

Statistiques générales
  • Ce quiz a été pris 798 fois
  • Le résultat moyen est 19 sur 38
Statistiques - réponses
Religion d'Etat Continent Réponse % Correct
Anglicanisme Europe Royaume-Uni
88%
Islam Afrique Algérie
85%
Islam Afrique Maroc
85%
Islam Afrique Tunisie
80%
Islam Asie Arabie Saoudite
79%
Islam Afrique Egypte
76%
Islam Asie Iran
74%
Islam Asie Irak
72%
Islam Asie Pakistan
67%
Islam Afrique Libye
66%
Islam Asie Emirats Arabes Unis
65%
Islam Asie Qatar
65%
Islam Asie Yémen
64%
Islam Asie Afghanistan
63%
Islam Asie Oman
62%
Islam Afrique Mauritanie
58%
Catholicisme Europe Vatican
58%
Islam Asie Koweït
53%
Islam Asie Bahreïn
52%
Bouddhisme Asie Bhoutan
49%
Islam Asie Jordanie
48%
Islam Asie Bangladesh
44%
Islam Afrique Somalie
44%
Islam Asie Malaisie
42%
Eglise orthodoxe Europe Grèce
40%
Bouddhisme Asie Cambodge
36%
Islam Asie Brunei
34%
Luthéranisme Europe Danemark
30%
Catholicisme Europe Monaco
29%
Islam Afrique Djibouti
26%
Luthéranisme Europe Finlande
26%
Catholicisme Europe Liechtenstein
23%
Islam Asie Maldives
23%
Islam Afrique Comores
22%
Luthéranisme Europe Islande
21%
Catholicisme Europe Malte
18%
Calvinisme Océanie Tuvalu
11%
Catholicisme Amérique Costa Rica
6%
Aucun quiz correspondant
Distribution des résultats
% des personnes avec chaque résultat
Percentile par nombre de réponses
Votre historique - résultats
Vous n’avez pas pris ce quiz